|
|
|
|
| LEADER |
00000naa2a2200000 4500 |
| 001 |
219406 |
| 005 |
20231031195108.0 |
| 035 |
|
|
|a (RuTPU)RU\TPU\book\239458
|
| 090 |
|
|
|a 219406
|
| 100 |
|
|
|a 20120705d2008 k y0rusy50 ca
|
| 101 |
0 |
|
|a eng
|
| 102 |
|
|
|a RU
|
| 200 |
1 |
|
|a The system improvement of the atmospheric air quality monitoring
|f А. А. Shelestov [et al.]
|
| 320 |
|
|
|a References: p. 678
|
| 463 |
|
1 |
|0 (RuTPU)RU\TPU\book\189643
|y 978-1-4244-2319-4
|t The Third International Forum on Strategic Technologies
|o proceedings of Ifost - 2008, june 23-29, 2008. Novosibirsk - Tomsk - Russia
|f Novosibirsk State Technical University; Tomsk Polytechnic University (TPU)
|v Р. 676-678
|d 2008
|p 704 p.
|
| 610 |
1 |
|
|a труды учёных ТПУ
|
| 701 |
|
1 |
|a Shelestov
|b А. А.
|
| 701 |
|
1 |
|a Panin
|b V. F.
|c Doctor of technical sciences
|c Professor of Tomsk Polytechnic University (TPU)
|f 1940-
|g Vladimir Filippovich
|2 stltpush
|3 (RuTPU)RU\TPU\pers\30164
|
| 701 |
|
1 |
|a Filatov
|b A. U.
|
| 701 |
|
1 |
|a Shramov
|b D. M.
|
| 801 |
|
1 |
|a RU
|b 63413507
|c 20120705
|
| 801 |
|
2 |
|a RU
|b 63413507
|c 20170411
|g RCR
|
| 942 |
|
|
|c BK
|